000 00479nam a22001457a 4500
005 20240705155827.0
008 240705b |||||||| |||| 00| 0 eng d
020 _a978-81-930886-5-4
041 _aeng
100 _aVERMA,DR. DEVI PRASAD,& CHOWTHAIWALE, SREERAM AND DESHMUKH, DEVENDRANATH
_98443
245 _aBHARAT KE PRAMUKH GANITACHARYA
260 _aKURUKESHETRA
_bVIDYA BHARTI SANSKRITI SHIKSHA SANSTHAN
300 _a71;p
942 _cBK
999 _c8551
_d8549